logo

Bir Sreshtho Munshi Abdur Rouf Library
Jhenaidah Cadet College

Plato the Republic / (Record no. 5408)

MARC details
000 -LEADER
fixed length control field 00539nam a22002177a 4500
001 - CONTROL NUMBER
JCCL Control Number 5408
003 - CONTROL NUMBER IDENTIFIER
JCCL marc code BD-JhCC
005 - DATE AND TIME OF LATEST TRANSACTION
control field 20171221101814.0
008 - FIXED-LENGTH DATA ELEMENTS--GENERAL INFORMATION
fixed length control field 171213s1955 e |||| ||a| 000 0 eng d
035 ## - SYSTEM CONTROL NUMBER
system control number (BD-JhCC) 5408
040 ## - CATALOGING SOURCE
Original cataloging agency BD-JhCC
Modifying agency BD-JhCC
041 ## - LANGUAGE CODE
Language code of Book eng
082 ## - DEWEY DECIMAL CLASSIFICATION NUMBER
Classification number 321.02
Author mark and Year LEE 1955
100 ## - MAIN ENTRY--PERSONAL NAME
Personal name Lee, H.D.P.
245 ## - TITLE STATEMENT
Title Plato the Republic /
Statement of responsibility, etc H.D.P. Lee
260 ## - PUBLICATION, DISTRIBUTION, ETC. (IMPRINT)
Place of publication, distribution, etc London :
Name of publisher, distributor, etc PENGUIN BOOKS ,
Date of publication, distribution, etc 1955
300 ## - PHYSICAL DESCRIPTION
Pagination 405 p .:
Dimensions 17 cm .
650 ## - SUBJECT ADDED ENTRY--TOPICAL TERM
Topical term or geographic name as entry element Political Science, Utopias
942 ## - ADDED ENTRY ELEMENTS (KOHA)
Source of classification or shelving scheme Dewey Decimal Classification
Koha item type Books
Holdings
Source of classification or shelving scheme Damaged status Not for loan Home library Current library Shelving location Date of accession Total Checkouts Full call number Barcode Date last seen Copy number Koha item type
Dewey Decimal Classification     JCC Rouf Library JCC Rouf Library General Stacks 12/13/2017   321.02 LEE 1955 7562 12/13/2017 C-1 Books

JCC Library | Contacts | JCC Home

Last Update on 23 September 2017
Copyright @ 2017-2020 JCC Rouf Library
Rouf Library, Jhenidah Cadet College (JCC), Bangladesh